Dónde Jugó (Espanyol) - Estadísticas

Estadísticas generales
  • Esta prueba ha sido intentada 22 veces
  • La puntuación promedio es 12 de 22
Estadísticas de respuestas
Jugador Equipo en el que haya jugado % Correcto
Kike García Murcia, Middlesbrough, Eibar, Osasuna, Alavés
100%
Marko Dmitrovic Ujpest, Charlton Athletic, Alcorcón, Eibar, Sevilla, Leganés
90%
Pere Milla Eibar, UCAM Murcia, Numancia, Elche
86%
Ramón Terrats Girona, Villarreal, Getafe
86%
Omar El Hilali Espanyol
76%
Carlos Romero Villarreal
76%
Roberto Fernández Málaga, Barcelona, Braga
71%
Leandro Cabrera Atlético de Madrid, Recreativo de Huelva, Numancia, Hércules, Real Madrid, Zaragoza, Crotone, Getafe
67%
Ángel Fortuño Espanyol
67%
Antoniu Roca Espanyol
62%
Urko González de Zárate Real Sociedad
62%
Edu Expósito Deportivo de la Coruña, Eibar
57%
Fernando Calero Valladolid
52%
Pol Lozano Girona, Granada
43%
Miguel Rubio Getafe, Burgos, Granada
38%
José Salinas Unionistas, Elche, Mirandés
29%
Javi Puado Zaragoza
29%
Tyrhys Dolan Blackburn Rovers
24%
Rubén Sánchez Mirandés, Granada
19%
Clemens Riedel Darmstadt
14%
Jofre Carreras Mirandés
14%
Charles Pickel Grasshoppers, Schaffhausen, Xamax, Grenoble, Famalicao, Cremonese
10%
No se encontraron pruebas coincidentes
Distribución de puntuación
Porcentaje de gente con cada puntuación
Porcentaje por número respondido
Historial de tus puntuaciones
No has intentado esta prueba.